| 000 | 00435nam a2200145Ia 4500 | ||
|---|---|---|---|
| 008 | 230917s9999||||xx |||||||||||||| ||und|| | ||
| 040 |
_e170465 _aMAIN |
||
| 041 | _aEnglish | ||
| 082 | _a891.43301731 SM23M | ||
| 100 | _aशर्मा, मालीराम | ||
| 245 | 0 | _aमूर्गे की साजिश | |
| 260 |
_aदिल्ली _bआशा प्रकाशन _c1976 |
||
| 300 | _a151 पृ. p. | ||
| 942 | _cHN | ||
| 999 |
_c188997 _d188997 |
||